000 01073nam a22002777a 4500
005 2009080809469.0
008 090808t xxu||||| |||| 00| 0 eng d
010 _aENG-94685
020 _a9788184501575
_c1280.00
035 _aEN-78218
037 _bDBAD / PUB
040 _adpl
_bEnglish
082 _a338.954
245 _aEconomics of good governance /
_cedited by Anil Kumar Thakur (and) Parmanand Singh
260 _aNew Delhi
_bDeep & Deep Publications
_c2009
270 _aF-159, Rajouri Garden
_bNew Delhi
_e110027
300 _axxiii, 395p.
_c23cm(Hb)
500 _aIncludes references and index
650 _aEconomic development
_zIndia
650 _aDecentralization in government
_zIndia
651 _aIndia
_xEconomic Conditions
651 _aIndia
_xPolitics and government
700 _aParmanand Singh
942 _2ddc
_cEN
_mTHA
_h338.954
999 _c29043
_d29043